000 00454 a2200169 4500
003 OSt
005 20180116182855.0
008 160509b xxu||||| |||| 00| 0 eng d
040 _c0
100 _aP. Banerjee
245 _aBusiness Information Technolgoy Mangement: Closing the International Divide
_cP. Banerjee
260 _aNew Delhi
_c1998
300 _a781
600 _aP. Banerjee
700 _aP. Banerjee
942 _aNBS
_cBK
_k658.4 BUS
_2ddc
999 _c347652
_d347652